Normal view
MARC view
Entry Personal Name
001 - CONTROL NUMBER
- control field: 88942
003 - CONTROL NUMBER IDENTIFIER
- control field: dpl
005 - DATE AND TIME OF LATEST TRANSACTION
- control field: 20260416145838.0
008 - FIXED-LENGTH DATA ELEMENTS
- fixed length control field: 260416|| aca||aabn | a|a d
040 ## - CATALOGING SOURCE
- Original cataloging agency: dpl
- Transcribing agency: dpl
100 ## - HEADING--PERSONAL NAME
- Personal name: Karwa, Dr. Arpita
670 ## - SOURCE DATA FOUND
- Source citation: Work cat.: (dpl)215923: Karwa, Dr. Arpita, NTA (UGC) Net. Set. Jrf General paper Teaching & Reasearch Aptitude, 2026
